DC Extended Universe - Statistics

General Stats
  • This quiz has been taken 239 times
    197 since last reset
  • The average score is 11 of 17
Answer Stats
Year of Release Answer % Correct
2017 Wonder Woman
93%
2017 Justice League
91%
2018 Aquaman
87%
2023 The Flash
86%
2013 Man of Steel
84%
2016 Batman V. Superman: Dawn of Justice
76%
2016 Suicide Squad
74%
2021 The Suicide Squad
74%
2020 Wonder Woman 1984
74%
2023 Aquaman and The Lost Kingdom
54%
2019 Shazam
53%
2020 Birds of Prey
47%
2023 Shazam: Fury of the Gods
41%
2022 Black Adam
40%
2023 Blue Beetle
40%
(2022) Peacemaker
22%
2020 Justice League (Zack Snyder Cut)
16%
No matching quizzes found
Score Distribution
Percent of People with Each Score
Percentile by Number Answered
Your Score History
You have not taken this quiz since the last reset